000 00627nam a22002177a 4500
003 UA-OsUOA
001 78304
007 ta
008 20111010b un ||||| |||| 00| 0 ukr d
100 _aРоманов С.
090 _a82
_bР69
942 _cSA
040 _aUA-OsUOA
_bukr
_cUA-OsUOA
_dUA-OsUOA
245 _aІсторія доби в постаттях До 140-річчя Лесі Українки і Агатангела Кримського
300 _aС.11
955 _a0
041 _aukr
080 _a82
773 0 _w78301
650 7 _a82 Література. Літературознавство
_2UDC
999 _c364617
_d364617